000 00403nam a2200157Ia 4500
008 230312s9999||||xx |||||||||||||| ||und||
020 _a0-07-023806-5
082 _a658.4
_bGOR
100 _aFrancine E. Gordon
245 0 _aBringing Woman Into Management
260 _bMaGraw Hill
_aNew York
_c1975
300 _a168
546 _aEng.
650 _aManagement
_vTrends in Status of woman
942 _cBK
999 _c595
_d595